The Cambridge handbook of antitrust, intellectual property, and high tech (Record no. 36636)
[ view plain ]
| 000 -LEADER | |
|---|---|
| fixed length control field | 00724nam a2200181 a 4500 |
| 008 - FIXED-LENGTH DATA ELEMENTS--GENERAL INFORMATION | |
| fixed length control field | 200710s2017 ||||||||||||||||| || u |
| 020 ## - INTERNATIONAL STANDARD BOOK NUMBER | |
| International Standard Book Number | 9781108722087 |
| 050 ## - LIBRARY OF CONGRESS CALL NUMBER | |
| Classification number | K 3850 Cam |
| 100 ## - MAIN ENTRY--PERSONAL NAME | |
| Personal name | Blair, Roger D |
| 245 14 - TITLE STATEMENT | |
| Title | The Cambridge handbook of antitrust, intellectual property, and high tech |
| Statement of responsibility, etc. | Edited by Roger D. Blair and D. Daniel Sokol |
| 260 ## - PUBLICATION, DISTRIBUTION, ETC. | |
| Place of publication, distribution, etc. | Cambridge |
| Name of publisher, distributor, etc. | Cambridge University Press |
| Date of publication, distribution, etc. | 2017 |
| 300 ## - PHYSICAL DESCRIPTION | |
| Extent | xvii, 518 pages |
| 650 #2 - SUBJECT ADDED ENTRY--TOPICAL TERM | |
| Topical term or geographic name entry element | INTELLECTUAL PROPERTY |
| 650 ## - SUBJECT ADDED ENTRY--TOPICAL TERM | |
| Topical term or geographic name entry element | ANTITRUST LAW |
| 650 ## - SUBJECT ADDED ENTRY--TOPICAL TERM | |
| Topical term or geographic name entry element | HIGH TECHNOLOGY |
| 700 ## - ADDED ENTRY--PERSONAL NAME | |
| Personal name | Sokol, D. Daniel |
| 995 ## - RECOMMENDATION 995 [LOCAL, UNIMARC FRANCE] | |
| -- | 49.18 |
| -- | CBU-MAIN LIBRARY (Kitwe) |
| -- | 1 |
| -- | AVAILABLE |
| -- | Jul 13, 2020 |
| -- | Main Library Open Access Collection |
| Withdrawn status | Lost status | Source of classification or shelving scheme | Damaged status | Not for loan | Home library | Current library | Shelving location | Date acquired | Total Checkouts | Full call number | Barcode | Date last seen | Price effective from | Koha item type |
|---|---|---|---|---|---|---|---|---|---|---|---|---|---|---|
| CBU-MAIN LIBRARY, KITWE. | CBU-MAIN LIBRARY, KITWE. | 11/30/2022 | K 3850 Cam | 750275 | 11/30/2022 | 11/30/2022 | MONOGRAPH |